Pop Artists by Picture - Statistics

General Stats
  • This quiz has been taken 98 times
  • The average score is 7 of 8
Answer Stats
Picture Answer % Correct
Taylor Swift
98%
Ariana Grande
96%
Billie Eilish
95%
Rihanna
94%
The Weeknd
94%
Adele
90%
Lady Gaga
87%
Beyoncé
58%
No matching quizzes found
Score Distribution
Percent of People with Each Score
Percentile by Number Answered
Your Score History
You have not taken this quiz